000 00703nam a2200265Ia 4500
003 OSt
005 20220918174235.0
006 a|||||r|||| 00| 0
007 ta
008 220917b |||||||| |||| 00| 0 eng d
024 _a11,244
037 _cTextual
040 _aARTS
_cARTS
_beng
041 _2eng
_aeng
082 _aMK:4:35:2:K, J7
100 _aRichardson U F
_949665
245 0 _aVeterinary protozoology
250 _a2nd
260 _aEdinburgh
_bOliver and boyd
_c1957
300 _a260
_ccm.
650 _aINDUSTRIAL ARTS
700 _a Kendall S B
_949666
942 _hMK:4:35:2:K, J7
_cTEXL
_2CC
999 _c152358
_d152358